David e Golias (Registo nº 3998)

Detalhes MARC
000 -Etiqueta do registo
Cabeçalho 00693nam0a2200253 4500
005 - Identificador da versão
Campo de controlo 20240903101513.0
010 ## - Número internacional normalizado dos livros (ISBN)
Número (ISBN) 9722611526
021 ## - Número do Depósito Legal
Código do país PT
Número 86749/95
100 ## - Dados gerais de processamento
Dados gerais de processamento 20190212d1995 c y0pory5003 ba
101 0# - Língua de publicação
Língua do texto, banda sonora, etc. Português
102 ## - Pais de publicação ou produção
País de publicação Portugal
200 1# - Titulo e menção de responsabilidade
Título próprio David e Golias
Primeira menção de responsabilidade António Mota
Outras menções de responsabilidade il. André Letria
205 ## - Menção da edição
Menção da edição 1ª ed
210 ## - Publicação, Distribuição, etc. 
Lugar da edição, distribuição, etc. Porto
Nome do editor, distribuidor, etc. Civilização
Data da publicação, distribuição, etc. 1995
215 ## - Descrição física 
Indicação específica da natureza do documento e extensão da espécie [26] p.
Outras indicações físicas il. color
225 1# - Colecção 
Título próprio da colecção A minha primeira biblioteca
606 ## - Nome comum usado como assunto
Número de registo de entrada de autoridade 0001335
Palavra de ordem Literatura portuguesa
Subdivisão de assunto Conto
Código do sistema CA
675 ## - Classificação Decimal Universal (CDU)
Notação 821.134.3-34
Edição 3ª ed.
Língua da edição por
700 #1 - Nome de autor-pessoa física (responsabilidade principal)
Número de registo de entrada de autoridade 0000068
Palavra de ordem Mota
Outra parte do nome não tomada para palavra de ordem António
Datas 1957-
702 #1 - Nome de autor-pessoa física (responsabilidade secundária)
Número de registo de entrada de autoridade 0000274
Palavra de ordem Letria
Outra parte do nome não tomada para palavra de ordem André
Datas 1973-
Código de função Ilustrador / Técnico de desenho computorizado
942 ## - Elementos de entrada adicionados (Koha)
Tipo de item no Koha Livro
966 ## - Identificação da Biblioteca
Sigla EBVEN
Exemplares
Situação do levantamento Origin of item (home branch) (coded) Biblioteca de empréstimo Código de barras Cota Data de devolução Circulation type (not for loan) Tipo de documento Nota do exemplar Damaged status
  Biblioteca Escolar das Vendas Biblioteca Escolar das Vendas BEV379 8POR MOT     Livro Sem mensagem